Catalog

Record Details

Catalog Search



Available copies

  • 1 of 2 copies available at LARL/NWRL Consortium.
  • 1 of 2 copies available at Lake Agassiz Regional Library. (Show preferred library)

Current holds

1 current hold with 2 total copies.

Show Only Available Copies
Location Call Number / Copy Notes Barcode Shelving Location Status Due Date
Crookston Public Library SF FAS (Text) 33500014355424 New On holds shelf -
Fosston Public Library SF FAS (Text) 33500014355432 New Available -

Record details

  • ISBN: 9780063462717
  • ISBN: 0063462710
  • Physical Description: 369 pages ; 24 cm.
  • Edition: First Avon Books deluxe limited hardcover edition.
  • Publisher: New York, NY : Avon, an imprint of HarperCollinsPublishers, [2026]

Content descriptions

General Note:
Includes bonus chapter.
At head of title: Get in. Get out. Don't fall in love.
Some copies have decorative edges.
Summary, etc.:
"A deadly prison. A forbidden romance. A fight for ... Read More
Subject: Man-woman relationships > Fiction.
Siblings > Fiction.
Prisoners > Fiction.
Prisons > Fiction.
Bounty hunters > Fiction.
Survival > Fiction.
Fantasy Romance.
Genre: Fantasy romance.
Modern & contemporary fiction (post c 1945).
Romance.
Fantasy fiction.
Fantasy fiction.
Dystopian fiction.
Romance fiction.
Fantasy romance / Romantic fantasy.
Dystopian and utopian fiction.
Dark romance.
Contemporary fantasy / Low fantasy.
Street fiction / urban fiction.
LDR 03066cam a2200649 i 4500
001482225
003LARL_NWRL_CONSORTIUM
00520260330172724.0
008260226t20262025nyu e 000 1 eng d
040 . ‡aEXR ‡beng ‡erda ‡cEXR ‡dHQC ‡dIDW ‡dOCLCO ‡dRNL ‡dOJ4
020 . ‡a9780063462717 ‡q(hardcover deluxe limited edition)
020 . ‡a0063462710 ‡q(hardcover)
035 . ‡a(OCoLC)1574651162
08204. ‡a813.6 ‡223
1001 . ‡aFast, Brooke, ‡eauthor.
24510. ‡aTo cage a wild bird / ‡cBrooke Fast.
250 . ‡aFirst Avon Books deluxe limited hardcover edition.
264 1. ‡aNew York, NY : ‡bAvon, an imprint of HarperCollinsPublishers, ‡c[2026]
264 4. ‡c©2025
300 . ‡a369 pages ; ‡c24 cm.
336 . ‡atext ‡btxt ‡2rdacontent
337 . ‡aunmediated ‡bn ‡2rdamedia
338 . ‡avolume ‡bnc ‡2rdacarrier
4900 . ‡aDivided fates ; ‡v1
500 . ‡aIncludes bonus chapter.
500 . ‡aAt head of title: Get in. Get out. Don't fall in love.
500 . ‡aSome copies have decorative edges.
520 . ‡a"A deadly prison. A forbidden romance. A fight for survival. THERE'S ONLY ONE RULE IN ENDLOCK- OBEY OR DIE. In Dividium, all crimes are punishable by life in prison. A prison that's a life sentence in more ways than one. Where the wealthy can hunt the inmates for sport. Raven's mission is simple- infiltrate the infamous and deadly Endlock Prison to save her brother. There's just one problem- Raven has a target on her back. Her reputation as the most ruthless bounty hunter in Dividium precedes her, and the inmates she's sent to Endlock want their revenge. So when the prison guard she's sworn to hate becomes her only chance to survive, Raven has no choice but to trust the one person she shouldn't.."--Publisher's website.
650 0. ‡aMan-woman relationships ‡vFiction. ‡0(LARL_NWRL_CONSORTIUM)165985
650 0. ‡aSiblings ‡vFiction.
650 0. ‡aPrisoners ‡vFiction. ‡0(LARL_NWRL_CONSORTIUM)166538
650 0. ‡aPrisons ‡vFiction. ‡0(LARL_NWRL_CONSORTIUM)166932
650 0. ‡aBounty hunters ‡vFiction. ‡0(LARL_NWRL_CONSORTIUM)163748
650 0. ‡aSurvival ‡vFiction.
650 7. ‡aFantasy Romance. ‡2ukslc
655 7. ‡aFantasy romance. ‡2bicssc
655 7. ‡aModern & contemporary fiction (post c 1945). ‡2bicssc
655 7. ‡aRomance. ‡2bicssc
655 7. ‡aFantasy fiction. ‡2gsafd
655 7. ‡aFantasy fiction. ‡2lcgft
655 7. ‡aDystopian fiction. ‡2lcgft
655 7. ‡aRomance fiction. ‡2lcgft
655 7. ‡aFantasy romance / Romantic fantasy. ‡2thema
655 7. ‡aDystopian and utopian fiction. ‡2thema
655 7. ‡aDark romance. ‡2thema
655 7. ‡aContemporary fantasy / Low fantasy. ‡2thema
655 7. ‡aStreet fiction / urban fiction. ‡2thema
77608. ‡iebook version : ‡z9781911751021
905 . ‡uvanderl
901 . ‡a482225 ‡bAUTOGEN ‡c482225 ‡tbiblio ‡soclc

Additional Resources